000 01171 a2200253 4500
999 _c5663
_d5663
020 _a0804749329 (cloth : alk. paper)
020 _a0804749337 (pbk. : alk. paper)
050 0 0 _aQB631 DAL 2004
100 1 _aDalrymple, G. Brent.
_eauthor
245 1 0 _aAncient Earth, ancient skies :
_bthe age of Earth and its cosmic surroundings /
_cG. Brent Dalrymple.
264 _aCalifornia:
_bStanford University Press,
_c2004
300 _aix, 247 p. :
_bill. ;
500 _aIncludes index
504 _aIncludes bibliographical references (p. [215]-220) and index.
650 0 _aMeteorites.
650 0 _aCosmology.
651 0 _aEarth (Planet)
651 0 _aSolar system.
856 4 1 _3Table of contents
_uhttp://www.loc.gov/catdir/toc/ecip0410/2003024023.html
856 4 2 _3Contributor biographical information
_uhttp://www.loc.gov/catdir/enhancements/fy0710/2003024023-b.html
856 4 2 _3Publisher description
_uhttp://www.loc.gov/catdir/enhancements/fy0710/2003024023-d.html
942 _2lcc
_cBK
_h631
_iDAL
_kQB